书目信息 |
| 题名: |
中国登上世贸舞台
|
|
| 作者: | 王守泉 主编 | |
| 分册: | ||
| 出版信息: | 北京 群众出版社 1999.08 |
|
| 页数: | 453页 | |
| 开本: | 32开 | |
| 丛书名: | ||
| 单 册: | ||
| 中图分类: | F752.3 | |
| 科图分类: | ||
| 主题词: | 对外贸易--世界 | |
| 电子资源: | ||
| ISBN: | 7-5014-2076-9 | |
| 000 | 00565nam0 2200193 45 | |
| 001 | 0012061574 | |
| 005 | 20001206154659.3 | |
| 010 | @a7-5014-2076-9@d22.00元 | |
| 100 | @a20001206d1999 km y0chiy0120 ea | |
| 101 | 0 | @achi |
| 105 | @a z 000yy | |
| 200 | 1 | @a中国登上世贸舞台@AZhong Guo Deng Shang Shi Mao Wu Tai@f王守泉主编@FWang Shou Quan Zhu Bian |
| 210 | @a北京@c群众出版社@d1999.08 | |
| 215 | @a453页@d32开 | |
| 606 | 0 | @a对外贸易@x世界 |
| 690 | @aF752.3@v3 | |
| 701 | 0 | @a王守泉@4主编 |
| 801 | @aCN@bPftUser@c20001206 | |
| 905 | @b514835-837@dF752.3@eW691@f3 | |
| 中国登上世贸舞台/王守泉主编.-北京:群众出版社,1999.08 |
| 453页;32开 |
| ISBN 7-5014-2076-9:22.00元 |
| ● |
| 相关链接 |
|
|
|
正题名:中国登上世贸舞台
索取号:F752.3/W691
 
预约/预借
| 序号 | 登录号 | 条形码 | 馆藏地/架位号 | 状态 | 备注 |
| 1 | 514835 | 205148357 | 社科库409/409社科库 48排5列5层/ [索取号:F752.3/W691] | 在馆 | |
| 2 | 514836 | 205148366 | 社科库409/422社科库 35排4列1层/ [索取号:F752.3/W691] | 在馆 | |
| 3 | 514837 | 205148375 | 社科库409/409社科库 48排5列5层/ [索取号:F752.3/W691] | 在馆 |